Get the Picture: Sports Movies II Quiz Stats

 Plays Quiz Updated Oct 7, 2019

Score 0/20 Timer 03:00
11 Plays Today
Question Answer Wrong Answers
Rocky Boxing
96%
Ice Hockey
0.2%
Golf
0.3%
Stock-Car Racing
0.1%
Ali Boxing
95.6%
Ice Hockey
0.3%
Golf
0.3%
Stock-Car Racing
0.3%
The Mighty Ducks Ice Hockey
95%
Golf
0.8%
Stock-Car Racing
0.5%
Boxing
0.3%
Caddyshack Golf
94.3%
Ice Hockey
0.9%
Stock-Car Racing
0.6%
Boxing
0.5%
Herbie: Fully Loaded Stock-Car Racing
93.3%
Ice Hockey
1.1%
Golf
1.3%
Boxing
1.1%
Million Dollar Baby Boxing
92.9%
Ice Hockey
0.7%
Golf
1.7%
Stock-Car Racing
1.4%
Raging Bull Boxing
92%
Ice Hockey
1.1%
Golf
1%
Stock-Car Racing
2.7%
Happy Gilmore Golf
91.9%
Ice Hockey
3.2%
Stock-Car Racing
0.7%
Boxing
0.6%
Days of Thunder Stock-Car Racing
90.1%
Ice Hockey
2.5%
Golf
0.9%
Boxing
2.8%
Slap Shot Ice Hockey
89.9%
Golf
4.4%
Stock-Car Racing
0.4%
Boxing
1.5%
Talladega Nights: The Ballad of Ricky Bobby Stock-Car Racing
89.3%
Ice Hockey
2.3%
Golf
1.7%
Boxing
3.1%
Mystery, Alaska Ice Hockey
87.7%
Golf
2.6%
Stock-Car Racing
2.9%
Boxing
3%
Cinderella Man Boxing
87.4%
Ice Hockey
3.5%
Golf
3.6%
Stock-Car Racing
2.1%
Greased Lightning Stock-Car Racing
87.3%
Ice Hockey
5.6%
Golf
0.8%
Boxing
2.4%
Tin Cup Golf
85.1%
Ice Hockey
5.7%
Stock-Car Racing
4.1%
Boxing
1.5%
Miracle Ice Hockey
84.8%
Golf
3.8%
Stock-Car Racing
2.7%
Boxing
5.2%
The Legend of Bagger Vance Golf
84%
Ice Hockey
3%
Stock-Car Racing
4.2%
Boxing
5%
Goon Ice Hockey
70%
Golf
6%
Stock-Car Racing
4.2%
Boxing
16.1%
The Greatest Game Ever Played Golf
69.2%
Ice Hockey
24.7%
Stock-Car Racing
0.3%
Boxing
1.8%
Six Pack Stock-Car Racing
36.1%
Ice Hockey
17.4%
Golf
7.5%
Boxing
35.3%

Today's Daily Dose

Missing Word
Sherlocks

Word Ladder
King of the Hill

Quick Pick
Songs in Pink

Get the Picture
NBA Teammates

You're not logged in!

Compare scores with friends on all Sporcle quizzes.
OR
Log In

Sporcle TV

Today on Sporcle TV


Watch our educational content, quiz creation guides, and fun videos on Sporcle TV.

Show Comments

Extras

Top Quizzes Today


Score Distribution

Your Account Isn't Verified!

In order to create a playlist on Sporcle, you need to verify the email address you used during registration. Go to your Sporcle Settings to finish the process.

Report this User

Report this user for behavior that violates our Community Guidelines.

Details: